[Event "MetroWest Holiday Cheer"]
[Site "Natick"]
[Date "2014.12.30"]
[Round "5.5"]
[White "Karlsson, Fridrik J"]
[Black "Chamberlain, John"]
[Result "0-1"]
[WhiteElo "1940"]
[BlackElo "2102"]
[PlyCount "38"]
[EventDate "2014.12.02"]
[EventType "swiss"]
[EventRounds "5"]
[EventCountry "USA"]
[SourceTitle "EXT 2023"]
[Source "ChessBase"]
[SourceDate "2022.10.05"]
[SourceVersion "1"]
[SourceVersionDate "2022.10.05"]
[SourceQuality "1"]

1. d4 d5 2. c4 Nc6 3. Nc3 Nf6 4. Nf3 Bf5 5. cxd5 Nxd5 6. Qb3 e6 7. e4 Nxc3 8. exf5 Nd5 9. Bd2 Be7 10. Qxb7 Ncb4 11. Bb5+ Kf8 12. Ne5 Nc2+ 13. Kd1 Nxd4 14. Bc6 Rc8 15. Qxa7 Nb6 16. Qa5 f6 17. Bb7 Rb8 18. Nc6 Nxc6 19. Bxc6 Nc4 0-1

[Event "MetroWest CC Trick or Treat"]
[Site "Natick"]
[Date "2014.10.21"]
[Round "3.2"]
[White "Godin, Eric J"]
[Black "Chamberlain, John"]
[Result "1-0"]
[WhiteElo "2234"]
[BlackElo "2125"]
[PlyCount "71"]
[EventDate "2014.10.07"]
[EventType "swiss"]
[EventRounds "4"]
[EventCountry "USA"]
[SourceTitle "EXT 2023"]
[Source "ChessBase"]
[SourceDate "2022.10.05"]
[SourceVersion "1"]
[SourceVersionDate "2022.10.05"]
[SourceQuality "1"]

1. e4 e5 2. Nf3 Nf6 3. Nc3 Bb4 4. Nxe5 Qe7 5. Nd3 Bxc3 6. dxc3 Nxe4 7. Be3 0-0 8. Nf4 c6 9. Bd3 d5 10. 0-0 Nc5 11. Bxc5 Qxc5 12. Qh5 h6 13. Rfe1 Nd7 14. Re3 Nf6 15. Qe2 Bg4 16. Qd2 Rad8 17. h3 Bc8 18. Rd1 Qb6 19. Qc1 Qc7 20. Rg3 Rde8 21. b4 Re5 22. Ne2 Kh8 23. Re3 Rfe8 24. Rxe5 Rxe5 25. Nd4 Ne4 26. c4 Ng5 27. f4 Nxh3+ 28. gxh3 Rh5 29. Qe3 g6 30. cxd5 cxd5 31. Bf1 g5 32. Qf3 Rh4 33. fxg5 hxg5 34. Qf6+ Kh7 35. Bd3+ Kg8 36. Qxg5+ 1-0

[Event "MetroWest CC Leap Year op"]
[Site "Natick"]
[Date "2004.??.??"]
[Round "2"]
[White "Chamberlain, John"]
[Black "De Koekkoek, Trevor"]
[Result "1-0"]
[WhiteElo "2010"]
[BlackElo "1890"]
[PlyCount "73"]
[EventDate "2004.??.??"]
[EventType "swiss"]
[EventRounds "5"]
[EventCountry "USA"]
[SourceTitle "EXT 2007"]
[Source "ChessBase"]
[SourceDate "2006.11.23"]
[SourceVersion "1"]
[SourceVersionDate "2006.11.23"]
[SourceQuality "1"]

1. e4 c5 2. Nf3 e6 3. c3 Nf6 4. e5 Nd5 5. d4 cxd4 6. cxd4 b6 7. Nc3 Nxc3 8. bxc3 Qc7 9. Bd2 Bb7 10. Bd3 Be7 11. Qe2 0-0 12. h4 f5 13. exf6 Bxf3 14. Bxh7+ Kxh7 15. Qd3+ Kg8 16. fxe7 Bd5 17. exf8Q+ Kxf8 18. 0-0 Qc6 19. Qg3 Na6 20. Bf4 Kf7 21. h5 Rg8 22. Qg6+ Kf8 23. h6 Be4 24. Bd6+ Qxd6 25. Qxe4 gxh6 26. Rae1 Rg5 27. Re3 Nc7 28. Qh7 Qf4 29. Qxh6+ Ke8 30. Rg3 Rf5 31. Rg8+ Ke7 32. Rg7+ Kd6 33. Qh7 Nd5 34. Rxd7+ Kc6 35. Rxa7 Qd6 36. Qb7+ Kb5 37. Qa6+ 1-0

[Event "MetroWest CC-ch"]
[Site "Natick"]
[Date "2004.??.??"]
[Round "3"]
[White "Epp, Edward"]
[Black "Chamberlain, John"]
[Result "0-1"]
[WhiteElo "2000"]
[BlackElo "2010"]
[PlyCount "110"]
[EventDate "2004.??.??"]
[EventType "swiss"]
[EventRounds "3"]
[EventCountry "USA"]
[SourceTitle "EXT 2007"]
[Source "ChessBase"]
[SourceDate "2006.11.23"]
[SourceVersion "1"]
[SourceVersionDate "2006.11.23"]
[SourceQuality "1"]

1. Nf3 d5 2. d4 Nc6 3. Bf4 Bf5 4. c4 e6 5. Nc3 Bd6 6. Bg5 Be7 7. Bxe7 Ngxe7 8. e3 0-0 9. Be2 h6 10. 0-0 Rb8 11. Rc1 Re8 12. Re1 Nc8 13. cxd5 exd5 14. Bb5 Re6 15. Bxc6 Rxc6 16. Ne5 Re6 17. Qf3 Ne7 18. g4 Bg6 19. Nxg6 Rxg6 20. Kh1 c6 21. Ne2 Qd6 22. Nf4 Rf6 23. Qg3 Ng6 24. Nh5 Re6 25. f4 Nf8 26. f5 Qxg3 27. Nxg3 Rd6 28. Kg2 Nh7 29. h4 Re8 30. Rc3 Nf6 31. Kf3 Ne4 32. Nxe4 Rxe4 33. h5 g6 34. fxg6 fxg6 35. Rg1 Rf6+ 36. Ke2 Rfe6 37. Rd3 Kg7 38. Rg3 Kf6 39. hxg6 Kxg6 40. Rd1 Kg5 41. Kf2 Rf6+ 42. Rf3 Rxf3+ 43. Kxf3 Rxg4 44. b4 h5 45. b5 h4 46. bxc6 bxc6 47. Rb1 h3 48. Rb8 Rh4 49. Rb1 h2 50. Rh1 Kf5 51. Kg3 Rh6 52. Kf3 Rh7 53. Kg2 Ke4 54. Kf2 a5 55. a4 Kd3 0-1

[Event "MetroWest CC Leap Year op"]
[Site "Natick"]
[Date "2004.??.??"]
[Round "1"]
[White "Foygel, Igor"]
[Black "Chamberlain, John"]
[Result "1-0"]
[WhiteElo "2485"]
[BlackElo "2010"]
[PlyCount "73"]
[EventDate "2004.??.??"]
[EventType "swiss"]
[EventRounds "5"]
[EventCountry "USA"]
[SourceTitle "EXT 2007"]
[Source "ChessBase"]
[SourceDate "2006.11.23"]
[SourceVersion "1"]
[SourceVersionDate "2006.11.23"]
[SourceQuality "1"]

1. Nf3 d5 2. g3 c5 3. Bg2 Nc6 4. d4 Bg4 5. Ne5 Nxe5 6. dxe5 e6 7. c4 Ne7 8. Nc3 d4 9. Bxb7 Rb8 10. Nb5 Nc8 11. Bc6+ Ke7 12. 0-0 a6 13. Na3 Qc7 14. Bg2 f6 15. f3 Bh5 16. exf6+ gxf6 17. e3 Kf7 18. Nc2 Bg6 19. f4 h5 20. e4 f5 21. exf5 Bxf5 22. Ne1 Nd6 23. b3 Ne4 24. Nd3 Bd6 25. Ne5+ Bxe5 26. fxe5 Nc3 27. Qe1 Rbg8 28. Bd2 h4 29. Bxc3 hxg3 30. Ba5 gxh2+ 31. Kh1 Qe7 32. Qe4 Rxg2 33. Qxg2 Rg8 34. Rxf5+ exf5 35. Qd5+ Kg7 36. Bb6 Qh4 37. Qg2+ 1-0

[Event "MetroWest CC Winter Warmer op"]
[Site "Natick"]
[Date "2003.??.??"]
[Round "1"]
[White "Chamberlain, John"]
[Black "Ruthramoorthy, Navaneetha"]
[Result "1-0"]
[WhiteElo "1990"]
[BlackElo "1880"]
[PlyCount "75"]
[EventDate "2003.??.??"]
[EventType "swiss"]
[EventRounds "4"]
[EventCountry "USA"]
[SourceTitle "EXT 2007"]
[Source "ChessBase"]
[SourceDate "2006.11.23"]
[SourceVersion "1"]
[SourceVersionDate "2006.11.23"]
[SourceQuality "1"]

1. e4 e6 2. d4 d5 3. Nc3 Bb4 4. Nge2 Nf6 5. e5 Nfd7 6. a3 Bxc3+ 7. Nxc3 Nf8 8. h4 Qe7 9. Qg4 f6 10. Nxd5 Qf7 11. exf6 gxf6 12. Bf4 f5 13. Qe2 Na6 14. Be5 Ng6 15. Bxh8 Nxh8 16. h5 Bd7 17. Qe5 0-0-0 18. Nb4 Nb8 19. 0-0-0 Qf8 20. Qa5 a6 21. Nxa6 bxa6 22. Bxa6+ Nxa6 23. Qxa6+ Kb8 24. Rd3 Ba4 25. Qxa4 Qd6 26. Rh4 Nf7 27. f4 Nh6 28. g3 Ng4 29. Rh1 Nf2 30. Rb3+ Kc8 31. Rf1 Ne4 32. Rd3 Rf8 33. Rff3 Kd8 34. c4 Qb6 35. c5 Qb7 36. c6 Qc8 37. Qb4 Ke8 38. d5 1-0

[Event "MetroWest CC Winter Warmer op"]
[Site "Natick"]
[Date "2003.??.??"]
[Round "2"]
[White "Ward, Alfred"]
[Black "Chamberlain, John"]
[Result "0-1"]
[WhiteElo "1800"]
[BlackElo "1990"]
[PlyCount "100"]
[EventDate "2003.??.??"]
[EventType "swiss"]
[EventRounds "4"]
[EventCountry "USA"]
[SourceTitle "EXT 2007"]
[Source "ChessBase"]
[SourceDate "2006.11.23"]
[SourceVersion "1"]
[SourceVersionDate "2006.11.23"]
[SourceQuality "1"]

1. f4 e5 2. fxe5 d6 3. exd6 Bxd6 4. Nf3 g5 5. g3 g4 6. Nh4 Bd7 7. Bg2 Nc6 8. d4 Be7 9. Bf4 Bxh4 10. gxh4 Qxh4+ 11. Bg3 Qf6 12. c3 0-0-0 13. Nd2 Qe7 14. Qc2 h5 15. e4 h4 16. Bf4 Nf6 17. Bg5 Rdg8 18. Bxf6 Qxf6 19. Rf1 Qg5 20. 0-0-0 Rf8 21. Kb1 f5 22. exf5 Bxf5 23. Be4 Ne7 24. Rde1 Bd7 25. b3 Nf5 26. Qd3 Nd6 27. Kb2 Nxe4 28. Nxe4 Qg6 29. Nc5 Qxd3 30. Nxd3 g3 31. hxg3 h3 32. Nc5 Rxf1 33. Rxf1 Bf5 34. Rh1 Be4 35. Rh2 Bg2 36. Kc2 Rf8 37. Kd2 Rf2+ 38. Ke3 Rxa2 39. Nd3 Rc2 40. g4 Kd8 41. g5 Rxc3 42. g6 Ke7 43. b4 Kf6 44. Kd2 Rxd3+ 45. Kxd3 c6 46. Kc4 Kxg6 47. b5 Kg5 48. Kc5 Kg4 49. d5 cxd5 50. b6 a6 0-1